000 00683nam a22002297a 4500
999 _c157733
_d157733
005 20180927143100.0
010 _aENG-124073
020 _a9788180903045
_c695.00
035 _aEN-107605
037 _bDBAD/PUB
082 _a181.41
100 _aBrahma, Nalini Kanta
245 _aPhilosophy of hindu sadhana /
_cby Nalini Kanta Brahma
260 _aDelhi
_bBharatiya Kala Prakashan
_c2017
270 _bDelhi
_e110035
_a3421-A, IInd Floor, Narang Colony, Tri Nagar,
300 _aix,343p.
_c21cm.(Hb.)
500 _aIt includes index
700 _a Chauhan, G.S.
700 _aSubhash Cahnd
700 _aRamesh Kumar
942 _2ddc
_cEN
_h181.41
_mBRA